[Event "23. Torneo San Viator"]
[Site "Madrid ESP"]
[Date "2014.10.19"]
[Round "4.51"]
[White "Navarro Gonzalez, Jaime"]
[Black "Jarne Ubieto, Francisco"]
[Result "1-0"]
[WhiteElo "1761"]
[BlackElo "1356"]
[PlyCount "45"]
[EventDate "2014.09.28"]
[EventType "swiss"]
[EventRounds "9"]
[EventCountry "ESP"]
[SourceTitle "Ajedrez en Madrid"]
[Source "lmi"]
[SourceDate "2014.09.28"]
[SourceVersion "1"]
[SourceVersionDate "2014.12.18"]
[SourceQuality "1"]

1. e4 c5 2. Nf3 d6 3. d4 cxd4 4. Nxd4 g6 5. Bc4 Bg7 6. O-O Nf6 7. Nc3 O-O 8. h3
Nc6 9. Be3 a6 10. Qd2 Bd7 11. a3 Rc8 12. Ba2 b5 13. Rad1 Qb6 14. Ne6 Qb7 15.
Nxf8 Kxf8 16. Bh6 b4 17. Bxg7+ Kxg7 18. axb4 Nxb4 19. Bb3 Nxe4 20. Nxe4 Qxe4
21. Rfe1 Qb7 22. Rxe7 Rc6 23. Rxf7+ 1-0

[Event "23. Torneo San Viator"]
[Site "Madrid ESP"]
[Date "2014.10.19"]
[Round "4.52"]
[White "Mosteiro Montoro, Alvaro"]
[Black "Diaz Del Prado, Carlos"]
[Result "1-0"]
[WhiteElo "1586"]
[BlackElo "1288"]
[PlyCount "109"]
[EventDate "2014.09.28"]
[EventType "swiss"]
[EventRounds "9"]
[EventCountry "ESP"]
[SourceTitle "Ajedrez en Madrid"]
[Source "lmi"]
[SourceDate "2014.09.28"]
[SourceVersion "1"]
[SourceVersionDate "2014.12.18"]
[SourceQuality "1"]

1. d4 Nf6 2. c4 g6 3. Nc3 Bg7 4. e4 d6 5. Nf3 O-O 6. Be2 e5 7. d5 Nbd7 8. Be3
b6 9. O-O Bb7 10. b4 Rc8 11. b5 Ng4 12. Bc1 Ngf6 13. h3 Nc5 14. Bg5 Qd7 15. Nd2
Ne8 16. f3 f5 17. Nb3 f4 18. Nxc5 bxc5 19. a4 a6 20. bxa6 Bxa6 21. Nb5 Ra8 22.
Qe1 c6 23. Nc3 Nf6 24. Bxf6 Bxf6 25. dxc6 Qxc6 26. Nd5 Bd8 27. a5 Rb8 28. Qc3
Rf7 29. Rfb1 Rfb7 30. Rxb7 Rxb7 31. Bd1 Qd7 32. Ba4 Qf7 33. Bc6 Rb8 34. Nb6
Bxb6 35. Bd5 Qxd5 36. cxd5 Ba7 37. Kh2 c4 38. Qe1 Rb2 39. Qh4 Bd4 40. Rc1 c3
41. Qd8+ Kg7 42. Qxd6 Bd3 43. a6 c2 44. a7 Bxa7 45. Qc7+ Kh6 46. Qxa7 Rb1 47.
Rxc2 Bxc2 48. Qf2 Ba4 49. Qh4+ Kg7 50. Qe7+ Kh6 51. Qxe5 g5 52. Qf6+ Kh5 53. e5
Rb2 54. e6 Bd1 55. Qxb2 1-0

[Event "23. Torneo San Viator"]
[Site "Madrid ESP"]
[Date "2014.10.19"]
[Round "4.54"]
[White "Barahona Torrijos, Angel"]
[Black "Olias Ruiz, Enrique"]
[Result "1-0"]
[WhiteElo "1845"]
[BlackElo "1212"]
[PlyCount "47"]
[EventDate "2014.09.28"]
[EventType "swiss"]
[EventRounds "9"]
[EventCountry "ESP"]
[SourceTitle "Ajedrez en Madrid"]
[Source "lmi"]
[SourceDate "2014.09.28"]
[SourceVersion "1"]
[SourceVersionDate "2014.12.18"]
[SourceQuality "1"]

1. e4 Nc6 2. Nc3 e5 3. Nf3 d6 4. d4 f6 5. h3 a6 6. Be3 b6 7. Be2 Nge7 8. O-O g6
9. Qd2 h5 10. Nd5 Bg7 11. Bc4 Bb7 12. dxe5 Nxe5 13. Nxe5 fxe5 14. Bg5 Bxd5 15.
Bxd5 Rb8 16. Bc6+ Kf8 17. f4 Qc8 18. fxe5+ Kg8 19. Bxe7 Bxe5 20. Bd5+ Kh7 21.
Rf7+ Bg7 22. Bf6 Rg8 23. Re7 g5 24. Qxg5 1-0

[Event "23. Torneo San Viator"]
[Site "Madrid ESP"]
[Date "2014.10.26"]
[Round "5.1"]
[White "Elissalt Cardenas, Hector"]
[Black "Renteria, Jorge"]
[Result "1/2-1/2"]
[WhiteElo "2334"]
[BlackElo "2313"]
[PlyCount "54"]
[EventDate "2014.09.28"]
[EventType "swiss"]
[EventRounds "9"]
[EventCountry "ESP"]
[SourceTitle "Ajedrez en Madrid"]
[Source "lmi"]
[SourceDate "2014.09.28"]
[SourceVersion "1"]
[SourceVersionDate "2014.12.18"]
[SourceQuality "1"]

1. d4 d5 2. Nc3 Nf6 3. Bf4 c6 4. e3 Qb6 5. a3 g6 6. Be2 Bg7 7. Nf3 Bg4 8. O-O
Bxf3 9. Bxf3 Nbd7 10. b4 O-O 11. Rb1 Rfe8 12. Na4 Qd8 13. c3 e5 14. Bg3 b5 15.
Nc5 exd4 16. cxd4 Nxc5 17. bxc5 Ne4 18. Bxe4 Rxe4 19. a4 a6 20. Qb3 h5 21. h3
h4 22. Bh2 Qd7 23. Ra1 Rae8 24. axb5 axb5 25. Ra6 g5 26. Kh1 g4 27. hxg4 Rxg4
1/2-1/2

[Event "23. Torneo San Viator"]
[Site "Madrid ESP"]
[Date "2014.10.26"]
[Round "5.2"]
[White "Lopez Benitez, David"]
[Black "Soto Martin, Miguel"]
[Result "1-0"]
[WhiteElo "1709"]
[BlackElo "1658"]
[PlyCount "167"]
[EventDate "2014.09.28"]
[EventType "swiss"]
[EventRounds "9"]
[EventCountry "ESP"]
[SourceTitle "Ajedrez en Madrid"]
[Source "lmi"]
[SourceDate "2014.09.28"]
[SourceVersion "1"]
[SourceVersionDate "2014.12.18"]
[SourceQuality "1"]

1. Nf3 Nf6 2. g3 g6 3. Bg2 Bg7 4. O-O O-O 5. d3 d6 6. c3 c5 7. e4 Nc6 8. Nbd2
b5 9. Nh4 Rb8 10. f4 Ng4 11. Ndf3 b4 12. Bd2 Qa5 13. h3 Nh6 14. Qb3 bxc3 15.
Bxc3 Rxb3 16. Bxa5 Rxd3 17. Bc3 Bxc3 18. bxc3 Rxc3 19. g4 f6 20. Rab1 Ra3 21.
Rb2 Nb4 22. Ra1 Be6 23. Bf1 Rxa2 24. Raxa2 Bxa2 25. Rxa2 Nxa2 26. Bc4+ Nf7 27.
Bxa2 Rb8 28. f5 g5 29. Ng2 Rb4 30. Nge1 Rxe4 31. Kf2 Rb4 32. Nd3 Ra4 33. Bd5 c4
34. Nde1 Kf8 35. Nd4 Ne5 36. Nec2 Ra5 37. Be6 Ra2 38. Bd5 a5 39. Ke3 Rb2 40.
Na3 c3 41. Ndc2 Rb8 42. Kd4 Rc8 43. Nb1 Nc6+ 44. Bxc6 Rxc6 45. Nxc3 e5+ 46.
fxe6 Ke7 47. Kd3 Ra6 48. Nd4 a4 49. Nd5+ Kf8 50. e7+ Kf7 51. e8=Q+ Kxe8 52.
Nc7+ Kf7 53. Nxa6 a3 54. Nb4 Kg6 55. Kc3 h5 56. Kb3 hxg4 57. hxg4 f5 58. Nxf5
Kf6 59. Nxd6 Ke5 60. Nf7+ Kf4 61. Nh6 Ke5 62. Kxa3 Kf6 63. Nd5+ Kg6 64. Nf5 Kf7
65. Kb4 Ke6 66. Nde3 Ke5 67. Kc4 Ke4 68. Kc3 Ke5 69. Kd3 Ke6 70. Ke4 Kf6 71.
Kd5 Kf7 72. Ke5 Kg6 73. Ke6 Kh7 74. Kf6 Kg8 75. Kxg5 Kh8 76. Nd5 Kh7 77. Kh5
Kh8 78. Kg6 Kg8 79. Nh6+ Kh8 80. Nf7+ Kg8 81. Nf6+ Kf8 82. g5 Ke7 83. Kh7 Kxf7
84. g6+ 1-0

[Event "23. Torneo San Viator"]
[Site "Madrid ESP"]
[Date "2014.10.26"]
[Round "5.3"]
[White "Soto Martin, Pablo"]
[Black "Nunez Miranda, Adrian"]
[Result "0-1"]
[WhiteElo "1781"]
[BlackElo "2120"]
[PlyCount "60"]
[EventDate "2014.09.28"]
[EventType "swiss"]
[EventRounds "9"]
[EventCountry "ESP"]
[SourceTitle "Ajedrez en Madrid"]
[Source "lmi"]
[SourceDate "2014.09.28"]
[SourceVersion "1"]
[SourceVersionDate "2014.12.18"]
[SourceQuality "1"]

1. e4 c5 2. Nf3 Nc6 3. Bb5 g6 4. Bxc6 dxc6 5. O-O Bg7 6. d3 e5 7. h3 Qe7 8. Nc3
Nf6 9. Be3 O-O 10. Nd2 Nh5 11. Nb3 b6 12. Qd2 Rd8 13. Qe1 Nf4 14. Ne2 Qg5 15.
Ng3 h5 16. Nd2 h4 17. Nf3 Qf6 18. Ne2 Nxh3+ 19. Kh1 Nf4 20. Qd2 g5 21. b3 h3
22. g3 Nxd3 23. Neg1 Nf4 24. Qc1 Qg6 25. Re1 Bf6 26. gxf4 gxf4 27. Nxh3 Qh5 28.
Nfg1 Bxh3 29. Nxh3 Qxh3+ 30. Kg1 f3 0-1

[Event "23. Torneo San Viator"]
[Site "Madrid ESP"]
[Date "2014.10.26"]
[Round "5.4"]
[White "Unciti Juan, Javier"]
[Black "Escribano Serrano, Pedro"]
[Result "0-1"]
[WhiteElo "2106"]
[BlackElo "1771"]
[PlyCount "122"]
[EventDate "2014.09.28"]
[EventType "swiss"]
[EventRounds "9"]
[EventCountry "ESP"]
[SourceTitle "Ajedrez en Madrid"]
[Source "lmi"]
[SourceDate "2014.09.28"]
[SourceVersion "1"]
[SourceVersionDate "2014.12.18"]
[SourceQuality "1"]

1. e4 c5 2. Nf3 d6 3. d4 cxd4 4. Nxd4 Nf6 5. Nc3 a6 6. h3 Nbd7 7. g4 e5 8. Nf5
Nc5 9. Bg2 g6 10. Nh6 Ne6 11. Qf3 Nd4 12. Qd3 Be6 13. O-O Rc8 14. g5 Bxh6 15.
gxh6 Bc4 16. Qd1 Bxf1 17. Kxf1 Nh5 18. Be3 Ne6 19. Qd2 O-O 20. Rd1 Rc6 21. Nd5
Qh4 22. Nb4 Rcc8 23. c3 Nhf4 24. Bxf4 Nxf4 25. Qe3 Rfd8 26. Nd5 Kf8 27. Nxf4
Qxf4 28. Qb6 Rd7 29. Rd3 Qxh6 30. h4 Rc6 31. Qb3 Qxh4 32. Rh3 Qf4 33. Rxh7 Kg8
34. Rh3 Qd2 35. Re3 Rc5 36. Re2 Qc1+ 37. Re1 Qg5 38. Bh3 Rdc7 39. Re3 Rb5 40.
Qc2 d5 41. Rg3 Qf6 42. exd5 Rxd5 43. Bf5 Kg7 44. Be4 Rd6 45. Rf3 Qh4 46. Rg3
Qh6 47. c4 Rcd7 48. Bd5 Rxd5 49. cxd5 Qh1+ 50. Ke2 Qxd5 51. Rc3 Qxa2 52. Qc1
Qd5 53. Rh3 Qb5+ 54. Ke1 Qb4+ 55. Kf1 Qf4 56. Qc2 Qd4 57. Qc8 Rd8 58. Qxb7 Qg4
59. Rg3 Qc4+ 60. Kg2 Rd1 61. Kh2 Qh4+ 0-1

[Event "23. Torneo San Viator"]
[Site "Madrid ESP"]
[Date "2014.10.26"]
[Round "5.5"]
[White "Yeves Miquel, Enrique"]
[Black "Garcia-Ruiz Fuentes, Angel M"]
[Result "0-1"]
[WhiteElo "1705"]
[BlackElo "2062"]
[PlyCount "38"]
[EventDate "2014.09.28"]
[EventType "swiss"]
[EventRounds "9"]
[EventCountry "ESP"]
[SourceTitle "Ajedrez en Madrid"]
[Source "lmi"]
[SourceDate "2014.09.28"]
[SourceVersion "1"]
[SourceVersionDate "2014.12.18"]
[SourceQuality "1"]

1. d4 Nf6 2. c4 c5 3. d5 e6 4. Nc3 exd5 5. cxd5 d6 6. e4 g6 7. Nf3 a6 8. a4 Bg7
9. h3 Nbd7 10. Bd3 Nh5 11. O-O Ne5 12. Be2 Nxf3+ 13. Bxf3 Qh4 14. Bxh5 gxh5 15.
Qd3 Rg8 16. Kh2 Bd4 17. Be3 Rxg2+ 18. Kxg2 Bxh3+ 19. Kg1 Qg4+ 0-1

[Event "23. Torneo San Viator"]
[Site "Madrid ESP"]
[Date "2014.10.26"]
[Round "5.6"]
[White "Perdomo Araujo, Angel Eduardo"]
[Black "Sahuquillo Cruz, Alejandro"]
[Result "1/2-1/2"]
[WhiteElo "2055"]
[BlackElo "1766"]
[PlyCount "62"]
[EventDate "2014.09.28"]
[EventType "swiss"]
[EventRounds "9"]
[EventCountry "ESP"]
[SourceTitle "Ajedrez en Madrid"]
[Source "lmi"]
[SourceDate "2014.09.28"]
[SourceVersion "1"]
[SourceVersionDate "2014.12.18"]
[SourceQuality "1"]

1. e4 c5 2. Nf3 Nc6 3. Bb5 g6 4. O-O Nd4 5. Nxd4 cxd4 6. c3 a6 7. Bc4 dxc3 8.
Nxc3 Bg7 9. d4 e6 10. Be3 Ne7 11. Qd2 d5 12. exd5 exd5 13. Bb3 Be6 14. Bh6 O-O
15. Bxg7 Kxg7 16. Qf4 b5 17. a3 Qd7 18. Rfe1 Rfd8 19. Re5 Nc6 20. Nxd5 Nxe5 21.
Qxe5+ Kh6 22. Nb6 Qxd4 23. Qxd4 Rxd4 24. Nxa8 Bxb3 25. Nc7 Rd6 26. Rc1 Bc4 27.
h3 a5 28. Rc2 Rc6 29. Ne8 Re6 30. Nc7 Rc6 31. Na8 Ra6 1/2-1/2

[Event "23. Torneo San Viator"]
[Site "Madrid ESP"]
[Date "2014.10.26"]
[Round "5.7"]
[White "Vazquez Gonzalez, Jesus"]
[Black "Martinez De Navascues, Francis"]
[Result "1-0"]
[WhiteElo "2034"]
[BlackElo "1760"]
[PlyCount "79"]
[EventDate "2014.09.28"]
[EventType "swiss"]
[EventRounds "9"]
[EventCountry "ESP"]
[SourceTitle "Ajedrez en Madrid"]
[Source "lmi"]
[SourceDate "2014.09.28"]
[SourceVersion "1"]
[SourceVersionDate "2014.12.18"]
[SourceQuality "1"]

1. e4 c5 2. Nf3 Nc6 3. d3 e6 4. g3 d5 5. Nbd2 Nf6 6. Bg2 dxe4 7. dxe4 Be7 8.
O-O O-O 9. c3 Qc7 10. Qe2 e5 11. h3 Be6 12. Ng5 Bd7 13. Nc4 b5 14. Ne3 h6 15.
Nf3 Qc8 16. Nf5 Re8 17. N3h4 Bf8 18. g4 g5 19. Nf3 Bxf5 20. gxf5 Rb8 21. h4 g4
22. Nh2 h5 23. Kh1 b4 24. Rg1 Qd8 25. Bg5 Be7 26. f3 bxc3 27. bxc3 Kh7 28. Rad1
Nd7 29. f6 Bxf6 30. Bxf6 Qxf6 31. fxg4 Nf8 32. g5 Qg6 33. Bf3 Ne6 34. Bxh5 Qg7
35. g6+ fxg6 36. Bxg6+ Qxg6 37. Rxg6 Kxg6 38. Qg4+ Kf7 39. Qh5+ Ke7 40. Qh7+
1-0

[Event "23. Torneo San Viator"]
[Site "Madrid ESP"]
[Date "2014.10.26"]
[Round "5.8"]
[White "San Felipe Gonzalez, Tomas"]
[Black "Gil Sierra, Jacinto"]
[Result "1-0"]
[WhiteElo "1700"]
[BlackElo "1986"]
[PlyCount "52"]
[EventDate "2014.09.28"]
[EventType "swiss"]
[EventRounds "9"]
[EventCountry "ESP"]
[SourceTitle "Ajedrez en Madrid"]
[Source "lmi"]
[SourceDate "2014.09.28"]
[SourceVersion "1"]
[SourceVersionDate "2014.12.18"]
[SourceQuality "1"]

1. d4 e6 2. c4 f5 3. g3 Nf6 4. Bg2 Bb4+ 5. Bd2 Bxd2+ 6. Qxd2 d6 7. e3 O-O 8.
Ne2 Nc6 9. Nbc3 e5 10. dxe5 dxe5 11. Rd1 Be6 12. Nd5 Bxd5 13. cxd5 Ne7 14. d6
Nc6 15. dxc7 Qxc7 16. O-O e4 17. Qc2 Rac8 18. Nf4 Qf7 19. a3 g5 20. Nh3 h6 21.
Qa4 Ng4 22. Rfe1 Nge5 23. Rd6 Kg7 24. Red1 Rc7 25. Bf1 a6 26. Kh1 Rd8 1-0

[Event "23. Torneo San Viator"]
[Site "Madrid ESP"]
[Date "2014.10.26"]
[Round "5.9"]
[White "Luna Hermoso, Angel"]
[Black "Algaba Traspuesto, Jose Antoni"]
[Result "1-0"]
[WhiteElo "1955"]
[BlackElo "1691"]
[PlyCount "63"]
[EventDate "2014.09.28"]
[EventType "swiss"]
[EventRounds "9"]
[EventCountry "ESP"]
[SourceTitle "Ajedrez en Madrid"]
[Source "lmi"]
[SourceDate "2014.09.28"]
[SourceVersion "1"]
[SourceVersionDate "2014.12.18"]
[SourceQuality "1"]

1. d4 Nf6 2. c4 e6 3. Nf3 Bb4+ 4. Bd2 Qe7 5. Qc2 b6 6. e4 Bxd2+ 7. Nbxd2 d6 8.
Bd3 Bb7 9. O-O Nbd7 10. b4 c5 11. bxc5 dxc5 12. e5 Ng4 13. Be4 Nf8 14. Bxb7
Qxb7 15. Ne4 Qc6 16. d5 exd5 17. cxd5 Qxd5 18. Rfd1 Qc6 19. Rd6 Qc7 20. Qa4+
Ke7 21. Nc3 Nxe5 22. Nd5+ Kxd6 23. Nxc7 Nxf3+ 24. gxf3 Kxc7 25. Qf4+ Kc8 26.
Qxf7 Ng6 27. Rd1 Rf8 28. Qe6+ Kb7 29. Rd7+ Ka6 30. Qc4+ Ka5 31. Rxa7+ Rxa7 32.
a4 1-0

[Event "23. Torneo San Viator"]
[Site "Madrid ESP"]
[Date "2014.10.26"]
[Round "5.10"]
[White "Garcia Galeote, Lorenzo"]
[Black "Tevar Becerra, Alvaro"]
[Result "1/2-1/2"]
[WhiteElo "1950"]
[BlackElo "1556"]
[PlyCount "48"]
[EventDate "2014.09.28"]
[EventType "swiss"]
[EventRounds "9"]
[EventCountry "ESP"]
[SourceTitle "Ajedrez en Madrid"]
[Source "lmi"]
[SourceDate "2014.09.28"]
[SourceVersion "1"]
[SourceVersionDate "2014.12.18"]
[SourceQuality "1"]

1. d4 Nf6 2. c4 g6 3. Nc3 Bg7 4. e4 d6 5. Nge2 O-O 6. Ng3 e5 7. d5 c6 8. Be2
cxd5 9. cxd5 a6 10. Be3 Nbd7 11. f3 b5 12. b4 Bb7 13. Qd2 Rc8 14. O-O Nb6 15.
Rfc1 Nfd7 16. a4 bxa4 17. Nxa4 Nxa4 18. Rxa4 f5 19. Bf2 fxe4 20. Rxc8 Qxc8 21.
Nxe4 Qc7 22. Qc3 Qxc3 23. Nxc3 Rc8 24. Be1 Nb6 1/2-1/2

[Event "23. Torneo San Viator"]
[Site "Madrid ESP"]
[Date "2014.10.26"]
[Round "5.11"]
[White "Perez Ordonez, Jose Ramon"]
[Black "Sotoca Aguado, Jose"]
[Result "1/2-1/2"]
[WhiteElo "1513"]
[BlackElo "1948"]
[PlyCount "69"]
[EventDate "2014.09.28"]
[EventType "swiss"]
[EventRounds "9"]
[EventCountry "ESP"]
[SourceTitle "Ajedrez en Madrid"]
[Source "lmi"]
[SourceDate "2014.09.28"]
[SourceVersion "1"]
[SourceVersionDate "2014.12.18"]
[SourceQuality "1"]

1. d4 Nf6 2. c4 e6 3. Nc3 Bb4 4. Qc2 d5 5. a3 Bxc3+ 6. bxc3 O-O 7. e3 b6 8. Bd3
Bb7 9. f3 Nbd7 10. Ne2 c5 11. cxd5 exd5 12. O-O Re8 13. Ng3 c4 14. Be2 Rc8 15.
Re1 Nf8 16. Bf1 Qd7 17. Nh1 Ng6 18. g3 Rc7 19. Nf2 Bc8 20. e4 h6 21. Bd2 Qc6
22. Bg2 Rce7 23. e5 Nh7 24. f4 Rd8 25. f5 Ngf8 26. g4 Bb7 27. h4 f6 28. e6 Qd6
29. Re3 Rde8 30. Rh3 Nxe6 31. fxe6 Rxe6 32. Rf1 Re2 33. Bf3 R2e7 34. Qg6 Nf8
35. Qh5 1/2-1/2

[Event "23. Torneo San Viator"]
[Site "Madrid ESP"]
[Date "2014.10.26"]
[Round "5.13"]
[White "Martin Hernandez, Vicente"]
[Black "Munoz Cebey, Ricardo"]
[Result "1/2-1/2"]
[WhiteElo "1950"]
[BlackElo "1779"]
[PlyCount "87"]
[EventDate "2014.09.28"]
[EventType "swiss"]
[EventRounds "9"]
[EventCountry "ESP"]
[SourceTitle "Ajedrez en Madrid"]
[Source "lmi"]
[SourceDate "2014.09.28"]
[SourceVersion "1"]
[SourceVersionDate "2014.12.18"]
[SourceQuality "1"]

1. d4 d5 2. c4 dxc4 3. Nc3 a6 4. a4 Nc6 5. e3 Na5 6. Nf3 Bg4 7. Be2 Nf6 8. O-O
e6 9. Ne5 Bxe2 10. Qxe2 c5 11. Rd1 cxd4 12. Rxd4 Qc7 13. f4 Rc8 14. Rb1 Bc5 15.
Rd1 O-O 16. Bd2 Rfd8 17. Be1 Rxd1 18. Rxd1 Rd8 19. Rxd8+ Qxd8 20. Bf2 h6 21. h3
Nd5 22. Qd1 Bb6 23. Ne4 Qc7 24. Qe2 c3 25. bxc3 Nxc3 26. Qc2 Nxe4 27. Qxe4 Nc6
28. Nxc6 Qxc6 29. Qxc6 bxc6 30. Kf1 Kf8 31. Ke2 Ke7 32. Kd3 f5 33. Bh4+ Kd6 34.
e4 g6 35. g4 h5 36. gxh5 gxh5 37. exf5 exf5 38. Kc4 Be3 39. Bg5 c5 40. Bh6 Kc6
41. Bg5 Bd4 42. Be7 Be3 43. Bg5 Bd4 44. Be7 1/2-1/2

[Event "23. Torneo San Viator"]
[Site "Madrid ESP"]
[Date "2014.10.26"]
[Round "5.14"]
[White "Rodriguez Alonso, Marcos"]
[Black "Garcia Sanjuan, Jose"]
[Result "0-1"]
[WhiteElo "1746"]
[BlackElo "1895"]
[PlyCount "30"]
[EventDate "2014.09.28"]
[EventType "swiss"]
[EventRounds "9"]
[EventCountry "ESP"]
[SourceTitle "Ajedrez en Madrid"]
[Source "lmi"]
[SourceDate "2014.09.28"]
[SourceVersion "1"]
[SourceVersionDate "2014.12.18"]
[SourceQuality "1"]

1. e4 b6 2. d4 Bb7 3. Nc3 Nf6 4. Bd3 e6 5. a3 c5 6. Nf3 cxd4 7. Nxd4 Nc6 8. Nf3
a6 9. O-O Qc7 10. h3 h6 11. Re1 Bd6 12. Ne2 Ne5 13. Nxe5 Bxe5 14. f4 Bd6 15. e5
Qc6 0-1

[Event "23. Torneo San Viator"]
[Site "Madrid ESP"]
[Date "2014.10.26"]
[Round "5.15"]
[White "Benitez Cadenas, Luis Miguel"]
[Black "Jimenez Gonzalez, Marcos"]
[Result "1/2-1/2"]
[WhiteElo "1638"]
[BlackElo "1887"]
[PlyCount "140"]
[EventDate "2014.09.28"]
[EventType "swiss"]
[EventRounds "9"]
[EventCountry "ESP"]
[SourceTitle "Ajedrez en Madrid"]
[Source "lmi"]
[SourceDate "2014.09.28"]
[SourceVersion "1"]
[SourceVersionDate "2014.12.18"]
[SourceQuality "1"]

1. d4 d5 2. Nf3 c6 3. c4 Nf6 4. Bf4 Bf5 5. cxd5 cxd5 6. Qb3 Qb6 7. e3 Qxb3 8.
axb3 Nc6 9. Bb5 Bd7 10. O-O e6 11. Rc1 Nh5 12. Bc7 Rc8 13. Ba5 Bd6 14. Ne5 Nf6
15. Nxd7 Kxd7 16. Bd2 a6 17. Bd3 Nb4 18. Be2 Ne4 19. Bc3 Rc7 20. f3 Nf6 21. Na3
Rhc8 22. Bd2 Rxc1+ 23. Rxc1 Rxc1+ 24. Bxc1 b5 25. Nb1 Nc6 26. Bd2 Kc7 27. Be1
e5 28. dxe5 Bxe5 29. Bg3 Kb6 30. Bxe5 Nxe5 31. Nc3 Kc5 32. Na2 Nc6 33. Kf2 a5
34. Ke1 Ne8 35. Bd3 Nb4 36. Nxb4 Kxb4 37. Bc2 h6 38. Kd2 Nd6 39. g4 g5 40. Kd3
Kc5 41. Bd1 f5 42. h3 fxg4 43. hxg4 Nf7 44. f4 gxf4 45. exf4 b4 46. Bf3 Nd6 47.
g5 hxg5 48. fxg5 Nf7 49. Bh5 Nxg5 50. Bg6 Ne6 51. Bh7 d4 52. Bf5 Nd8 53. Bd7
Nf7 54. Ke4 d3 55. Bg4 Kb5 56. Bd1 d2 57. Ke3 Kc5 58. Kxd2 Kd4 59. Bh5 Ne5 60.
Bd1 Nd7 61. Bh5 Nb6 62. Bf7 Nd7 63. Be8 Nc5 64. Bf7 a4 65. bxa4 Nxa4 66. Kc2
Nc5 67. Bg8 Ne4 68. Bh7 Nc5 69. Bg6 Ke3 70. Bh5 Ne6 1/2-1/2

[Event "23. Torneo San Viator"]
[Site "Madrid ESP"]
[Date "2014.10.26"]
[Round "5.16"]
[White "Cano Mercado, Francisco Manuel"]
[Black "Quispe Arteaga, Gabriel"]
[Result "0-1"]
[WhiteElo "1885"]
[BlackElo "1777"]
[PlyCount "98"]
[EventDate "2014.09.28"]
[EventType "swiss"]
[EventRounds "9"]
[EventCountry "ESP"]
[SourceTitle "Ajedrez en Madrid"]
[Source "lmi"]
[SourceDate "2014.09.28"]
[SourceVersion "1"]
[SourceVersionDate "2014.12.18"]
[SourceQuality "1"]

1. d4 d5 2. c4 e6 3. Nc3 Be7 4. Nf3 Nf6 5. Bg5 b6 6. e3 Bb7 7. Bxf6 Bxf6 8.
cxd5 exd5 9. Bd3 Nc6 10. Rc1 O-O 11. O-O g6 12. a3 Ne7 13. b4 a6 14. Ne2 Bg7
15. Nf4 Qd6 16. Qb3 Rfd8 17. Rc2 Rac8 18. Rfc1 Nc6 19. Ne2 h6 20. Nc3 h5 21.
Na4 Na7 22. Nb2 Nc6 23. Be2 Ne7 24. Nd3 Kf8 25. a4 f6 26. Nf4 Bh6 27. g3 Bxf4
28. exf4 Kg7 29. Bd3 Nc6 30. Bxa6 Na5 31. bxa5 Bxa6 32. Rc6 Qd7 33. axb6 Bc4
34. R6xc4 dxc4 35. Rxc4 cxb6 36. Rxc8 Rxc8 37. Qxb6 Ra8 38. a5 Qd5 39. Nh4 Rxa5
40. f3 Ra1+ 41. Kg2 Ra2+ 42. Kh3 Qd7+ 43. g4 hxg4+ 44. Kg3 gxf3 45. Qb1 Qf7 46.
d5 Rd2 47. Kxf3 Qxd5+ 48. Kg3 Rd3+ 49. Kg4 Qh5# 0-1

[Event "23. Torneo San Viator"]
[Site "Madrid ESP"]
[Date "2014.10.26"]
[Round "5.17"]
[White "Cuellar Gutierrez, Raul"]
[Black "Camarero Izquierdo, Juan Carlo"]
[Result "0-1"]
[WhiteElo "1690"]
[BlackElo "1836"]
[PlyCount "66"]
[EventDate "2014.09.28"]
[EventType "swiss"]
[EventRounds "9"]
[EventCountry "ESP"]
[SourceTitle "Ajedrez en Madrid"]
[Source "lmi"]
[SourceDate "2014.09.28"]
[SourceVersion "1"]
[SourceVersionDate "2014.12.18"]
[SourceQuality "1"]

1. c4 e5 2. Nc3 Bb4 3. e3 Bxc3 4. bxc3 f5 5. d3 Nf6 6. Nf3 d6 7. Be2 O-O 8. Ba3
e4 9. Nd4 exd3 10. Qxd3 Ne4 11. O-O Na6 12. Qc2 b6 13. Bf3 Qe8 14. Rad1 Bb7 15.
Ne2 Qf7 16. Ng3 Rae8 17. Nxe4 Bxe4 18. Bxe4 Rxe4 19. Rd4 Qe8 20. Rfd1 Qc6 21.
Rxe4 fxe4 22. Rd4 Re8 23. Qb3 Kh8 24. Qb5 Nb8 25. Kf1 a6 26. Qb3 h6 27. Bb2 Nd7
28. Qd1 Ne5 29. Ke2 Rf8 30. Kf1 Nd3 31. Rxd3 Qxc4 32. Ke1 exd3 33. Ba1 Qxa2 0-1

[Event "23. Torneo San Viator"]
[Site "Madrid ESP"]
[Date "2014.10.26"]
[Round "5.18"]
[White "Rodriguez Valero, Martin"]
[Black "Rendo Quindos, Pedro"]
[Result "1-0"]
[WhiteElo "1814"]
[BlackElo "1657"]
[PlyCount "95"]
[EventDate "2014.09.28"]
[EventType "swiss"]
[EventRounds "9"]
[EventCountry "ESP"]
[SourceTitle "Ajedrez en Madrid"]
[Source "lmi"]
[SourceDate "2014.09.28"]
[SourceVersion "1"]
[SourceVersionDate "2014.12.18"]
[SourceQuality "1"]

1. e4 e5 2. Nf3 Nf6 3. Nxe5 d6 4. Nf3 Nxe4 5. Nc3 Nxc3 6. dxc3 Be7 7. Be3 Nc6
8. Qd2 Bg4 9. Be2 Qd7 10. h3 Be6 11. O-O-O O-O 12. g4 Na5 13. b3 c5 14. Bxc5
dxc5 15. Qxd7 Bxd7 16. Rxd7 Rfe8 17. Rhd1 b6 18. Kb2 h6 19. Bf1 Bf6 20. a3 Red8
21. Rxd8+ Rxd8 22. Rxd8+ Bxd8 23. Nd2 Nc6 24. f4 Bc7 25. f5 Ne5 26. Ne4 Kf8 27.
b4 c4 28. b5 Ke8 29. Nd2 Ke7 30. a4 Kd7 31. Bxc4 Nxc4+ 32. Nxc4 Ke7 33. Ne3 Kd6
34. c4 Ke5 35. Nd5 Bd6 36. Kb3 g6 37. fxg6 fxg6 38. Kc3 Ke4 39. Kd2 Kf3 40. Nc3
Kg3 41. Ne4+ Kxh3 42. Nxd6 Kxg4 43. Ke3 h5 44. Ne4 h4 45. c5 bxc5 46. a5 h3 47.
b6 h2 48. Nf2+ 1-0

[Event "23. Torneo San Viator"]
[Site "Madrid ESP"]
[Date "2014.10.26"]
[Round "5.19"]
[White "Uceda Martinez, Jacinto"]
[Black "Mejias Gonzalez, Pedro"]
[Result "1-0"]
[WhiteElo "1795"]
[BlackElo "1632"]
[PlyCount "53"]
[EventDate "2014.09.28"]
[EventType "swiss"]
[EventRounds "9"]
[EventCountry "ESP"]
[SourceTitle "Ajedrez en Madrid"]
[Source "lmi"]
[SourceDate "2014.09.28"]
[SourceVersion "1"]
[SourceVersionDate "2014.12.18"]
[SourceQuality "1"]

1. d4 Nf6 2. c4 e6 3. Nc3 c5 4. d5 exd5 5. cxd5 d6 6. e4 Be7 7. Bd3 O-O 8. Nge2
Nbd7 9. O-O Ne5 10. f4 Nxd3 11. Qxd3 h6 12. h3 Qb6 13. Kh2 a6 14. a4 Qc7 15.
Bd2 Bd7 16. Qg3 Nh7 17. e5 Bf5 18. Rae1 Qd8 19. Qe3 Re8 20. Ng3 Bd7 21. e6 fxe6
22. dxe6 Bc6 23. Nf5 Nf6 24. Qg3 Bf8 25. Nxh6+ Kh7 26. Nf7 Qe7 27. Qh4+ 1-0